[Event "SportAccord Basque w 2014"]
[Site "Beijing CHN"]
[Date "2014.12.17"]
[Round "5.2"]
[White "Koneru, Humpy"]
[Black "Hou, Yifan"]
[Result "0-1"]
[WhiteTitle "GM"]
[BlackTitle "GM"]
[WhiteElo "2581"]
[BlackElo "2673"]
[WhiteFideId "5008123"]
[BlackFideId "8602980"]
[EventDate "2014.12.16"]

1. d4 Nf6 2. c4 e6 3. Nf3 b6 4. g3 Bb7 5. Bg2 Bb4+ 6. Bd2 a5 7. O-O O-O 8. b3 h6
9. a3 Bxd2 10. Nbxd2 c5 11. Qc2 Nc6 12. Qb2 Qe7 13. Rfd1 d5 14. cxd5 exd5 15. e3
Rfd8 16. Rac1 Rac8 17. Nb1 Ne4 18. dxc5 bxc5 19. Nc3 Qf6 20. Qc2 Nxc3 21. Qxc3
d4 22. Qxc5 Ne7 23. Qe5 Rxc1 24. Rxc1 Qxe5 25. Nxe5 Bxg2 26. Kxg2 dxe3 27. fxe3
Rd2+ 28. Kf3 Rxh2 29. Rc7 Ng6 30. Rc8+ Kh7 31. Nxf7 Rb2 32. Rb8 a4 33. b4 Rb3
34. b5 Rxa3 35. b6 Rb3 36. Nd6 Ne5+ 37. Ke4 Nd7 38. Ra8 Nxb6 39. Ra7 a3 40. Nf5
Rb4+ 41. Ke5 Ra4 42. Rxg7+ Kh8 43. Rb7 a2 44. Rb8+ Kh7 45. Rb7+ Kg8 46. Rb8+ Kf7
47. Rb7+ Ke8 48. Nd6+ Kf8 49. Rb8+ Kg7 50. Nf5+ Kf7 51. Rb7+ Ke8 52. Nd6+ Kf8
53. Rb8+ Ke7 54. Nf5+ Kd7 55. Rxb6 a1=Q+ 0-1

[Event "SportAccord Basque w 2014"]
[Site "Beijing CHN"]
[Date "2014.12.17"]
[Round "5.5"]
[White "Dzagnidze, Nana"]
[Black "Stefanova, Antoaneta"]
[Result "1/2-1/2"]
[WhiteTitle "GM"]
[BlackTitle "GM"]
[WhiteElo "2570"]
[BlackElo "2517"]
[WhiteFideId "13601903"]
[BlackFideId "2902257"]
[EventDate "2014.12.16"]

1. c4 c6 2. Nf3 d5 3. b3 Nf6 4. Bb2 g6 5. e3 Bg7 6. Be2 O-O 7. O-O a5 8. Nc3 Re8
9. Rc1 e5 10. d4 e4 11. Ne5 Nbd7 12. cxd5 Nxe5 13. dxe5 Nxd5 14. Nxe4 Bxe5 15.
Bxe5 Rxe5 16. Nc5 Qe7 17. Qd4 Nb4 18. a3 Rd5 19. Qc4 b5 20. Qe4 Re5 21. Qd4 Rd5
22. Qe4 Re5 23. Qd4 1/2-1/2

[Event "SportAccord Basque w 2014"]
[Site "Beijing CHN"]
[Date "2014.12.17"]
[Round "5.6"]
[White "Stefanova, Antoaneta"]
[Black "Dzagnidze, Nana"]
[Result "1-0"]
[WhiteTitle "GM"]
[BlackTitle "GM"]
[WhiteElo "2517"]
[BlackElo "2570"]
[WhiteFideId "2902257"]
[BlackFideId "13601903"]
[EventDate "2014.12.16"]

1. d4 Nf6 2. Nf3 e6 3. e3 b6 4. Bd3 Bb7 5. O-O d5 6. Ne5 Bd6 7. Nd2 O-O 8. f4 c5
9. c3 Ba6 10. Bxa6 Nxa6 11. b3 Rc8 12. Bb2 cxd4 13. exd4 Nb8 14. c4 Nc6 15. Rc1
Na5 16. Nd3 Qe7 17. c5 bxc5 18. dxc5 Rxc5 19. Nxc5 Bxc5+ 20. Kh1 Nb7 21. Qe2 Rd8
22. Nf3 Ne4 23. Bd4 Ba3 24. Rc2 Nbc5 25. Qb5 a6 26. Qa5 Nd3 27. Rc7 Qf8 28. Ne5
Bb4 29. Qxa6 Nxe5 30. fxe5 Qe8 31. Rcxf7 Qxf7 32. Rxf7 Kxf7 33. Qb7+ Be7 34. a4
Kf8 35. a5 Nc5 36. Qb6 Rc8 37. g3 Kf7 38. a6 Ne4 39. Be3 Rc2 40. a7 Ra2 41. Qb7
Ra1+ 42. Kg2 Ra2+ 43. Kf3 1-0

[Event "SportAccord Basque w 2014"]
[Site "Beijing CHN"]
[Date "2014.12.17"]
[Round "5.7"]
[White "Muzychuk, Anna"]
[Black "Ju, Wenjun"]
[Result "0-1"]
[WhiteTitle "GM"]
[BlackTitle "GM"]
[WhiteElo "2545"]
[BlackElo "2568"]
[WhiteFideId "14111330"]
[BlackFideId "8603006"]
[EventDate "2014.12.16"]

1. e4 e6 2. d4 d5 3. Nc3 Nf6 4. Bg5 dxe4 5. Nxe4 Be7 6. Nxf6+ Bxf6 7. Bxf6 Qxf6
8. Nf3 O-O 9. Bd3 c5 10. c3 cxd4 11. Nxd4 e5 12. Nc2 e4 13. Be2 Nc6 14. O-O Be6
15. Ne3 Qe5 16. Qa4 f5 17. Bc4 Kh8 18. Rfe1 f4 19. Nf1 Bf5 20. Rad1 Rae8 21. Qb5
Qc7 22. Bd5 Re5 23. Qc4 Rfe8 24. Rd4 e3 25. fxe3 fxe3 26. Ng3 Bg6 27. Bxc6 bxc6
28. Qe2 c5 29. Rf4 h6 30. Qf3 Qd6 31. h4 Qd2 32. Re2 Qd1+ 33. Kh2 Qd6 34. Kg1
Kh7 35. h5 Bd3 36. Re1 e2 37. Nf5 Bxf5 38. Rxf5 Re3 39. Qf2 Qd2 40. Rxc5 Rf8 41.
Rf5 Qxe1+ 42. Qxe1 Rxf5 0-1

[Event "SportAccord Basque w 2014"]
[Site "Beijing CHN"]
[Date "2014.12.17"]
[Round "5.9"]
[White "Ushenina, Anna"]
[Black "Harika, Dronavalli"]
[Result "1/2-1/2"]
[WhiteTitle "GM"]
[BlackTitle "GM"]
[WhiteElo "2494"]
[BlackElo "2505"]
[WhiteFideId "14110911"]
[BlackFideId "5015197"]
[EventDate "2014.12.16"]

1. d4 Nf6 2. Nf3 g6 3. Bg5 Bg7 4. c3 O-O 5. Nbd2 d6 6. e4 c5 7. d5 h6 8. Bh4 e6
9. dxe6 Bxe6 10. Bd3 Qb6 11. Qc2 d5 12. Bxf6 Bxf6 13. exd5 Bxd5 14. O-O Bg7 15.
Be4 Bxe4 16. Nxe4 Nc6 17. Rad1 Rad8 18. Rfe1 Rxd1 19. Rxd1 Rd8 20. Rxd8+ Nxd8
21. Nfd2 Ne6 22. Nf1 Qc6 23. Ne3 b5 24. Qd3 Nf4 25. Qd8+ Kh7 26. Qe7 Qe6 27.
Qxe6 Nxe6 28. Nd5 b4 29. cxb4 cxb4 30. b3 Bf8 31. Nef6+ Kh8 32. Ne8 Nd4 33. Nec7
Kg7 34. Na6 Nc6 35. Kf1 f5 36. Ke2 Kf7 37. Nac7 Bd6 38. h3 Bxc7 39. Nxc7 Ke7 40.
Kd3 Kd6 41. Ne8+ Kd7 42. Nf6+ Ke6 43. Ne8 Kd5 44. Nc7+ Kd6 45. Ne8+ Kd5 46. Nc7+
Kd6 47. Ne8+ 1/2-1/2

[Event "SportAccord Basque w 2014"]
[Site "Beijing CHN"]
[Date "2014.12.17"]
[Round "5.10"]
[White "Harika, Dronavalli"]
[Black "Ushenina, Anna"]
[Result "0-1"]
[WhiteTitle "GM"]
[BlackTitle "GM"]
[WhiteElo "2505"]
[BlackElo "2494"]
[WhiteFideId "5015197"]
[BlackFideId "14110911"]
[EventDate "2014.12.16"]

1. c4 c6 2. Nf3 d5 3. d4 e6 4. Nbd2 Nd7 5. g3 Bd6 6. Bg2 f5 7. O-O Nh6 8. b3 Nf7
9. e3 O-O 10. a4 Qe7 11. Ne1 b6 12. Nd3 a5 13. Bb2 Ba6 14. Qc1 Rac8 15. Ba3 Nf6
16. Bxd6 Qxd6 17. Qb2 c5 18. Rfc1 Rfd8 19. Ne5 Ng5 20. Rc2 Nge4 21. Rd1 cxd4 22.
exd4 Rc7 23. Nxe4 dxe4 24. Qc1 Nd7 25. Rcd2 Qb4 26. Qb2 Nf6 27. Rc2 Bb7 28. Qc3
Qxc3 29. Rxc3 Nd7 30. Rcc1 Kf8 31. Kf1 Ke7 32. Ke2 Nxe5 33. dxe5 Rc5 34. Rxd8
Kxd8 35. Rd1+ Kc7 36. Ke3 Rxe5 37. h4 Rc5 38. Kf4 Bc8 39. h5 h6 40. Ke3 Rc6 41.
Rc1 Kd6 42. Kd4 e5+ 43. Kc3 Kc5 44. Re1 Rd6 45. Bf1 Bb7 46. f4 exf4 47. gxf4 g5
48. hxg6 Rxg6 49. Re3 Rg4 50. Rh3 Rxf4 51. Be2 Rf2 52. Bd1 Rf1 53. Be2 Rg1 54.
Rxh6 Rg3+ 55. Kc2 Rg2 56. Kd1 f4 57. Rh7 Bc6 58. Rh5+ Kd4 59. Rh6 Be8 60. Re6
Bg6 61. Rxb6 f3 62. Bf1 Rg1 63. Ke1 e3 64. Rd6+ Kc3 65. Re6 Bd3 0-1

[Event "SportAccord Basque w 2014"]
[Site "Beijing CHN"]
[Date "2014.12.17"]
[Round "5.11"]
[White "Kosintseva, Tatiana"]
[Black "Gunina, Valentina"]
[Result "0-1"]
[WhiteTitle "GM"]
[BlackTitle "GM"]
[WhiteElo "2483"]
[BlackElo "2522"]
[WhiteFideId "4133471"]
[BlackFideId "4167570"]
[EventDate "2014.12.16"]

1. e4 c6 2. d4 d5 3. e5 Bf5 4. Nf3 e6 5. Be2 Nd7 6. O-O h6 7. Nbd2 Ne7 8. Nb3
Qc7 9. a4 g5 10. a5 a6 11. c4 Bg7 12. Bd2 f6 13. exf6 Nxf6 14. Ne5 O-O 15. Nc5
Ne4 16. Nxe4 Bxe4 17. Bg4 Nf5 18. Bc3 dxc4 19. Nxc4 Rad8 20. Qe2 Bd5 21. Nb6
Nxd4 22. Bxd4 Bxd4 23. Bxe6+ Bxe6 24. Qxe6+ Kg7 25. Nc4 Rf6 26. Qe4 Rf4 27. Qe6
Rdf8 28. Rad1 R8f6 29. Qe8 Rf7 30. Kh1 Re7 31. Qh5 Rh4 32. Qxh4 gxh4 33. Rxd4 h3
34. Nd6 hxg2+ 35. Kxg2 Qxa5 36. Rg4+ Kh7 37. Ne4 Qf5 38. f3 Rg7 39. h3 h5 40.
Rxg7+ Kxg7 41. Rd1 a5 42. Rd4 Qb5 43. Rd7+ Kg6 44. Rd6+ Kf7 45. Rd2 Ke6 46. h4
a4 47. Rd6+ Ke7 48. Rd2 Qc4 49. Kg3 b5 50. Nd6 Qc5 51. Ne4 Qg1+ 52. Kf4 b4 53.
Re2 Kd7 54. Nf6+ Kc7 55. Nxh5 a3 56. bxa3 bxa3 57. Nf6 Qc1+ 58. Kg4 Qc4+ 59. Re4
Qxe4+ 60. Nxe4 a2 61. h5 a1=Q 62. h6 Qh1 63. Kg5 Qxf3 64. h7 Qf8 65. Nf6 Kd6 66.
Kg6 Ke6 67. Ng8 Qf7+ 68. Kh6 Kf5 0-1

[Event "SportAccord Basque w 2014"]
[Site "Beijing CHN"]
[Date "2014.12.17"]
[Round "5.12"]
[White "Gunina, Valentina"]
[Black "Kosintseva, Tatiana"]
[Result "1-0"]
[WhiteTitle "GM"]
[BlackTitle "GM"]
[WhiteElo "2522"]
[BlackElo "2483"]
[WhiteFideId "4167570"]
[BlackFideId "4133471"]
[EventDate "2014.12.16"]

1. d4 Nf6 2. c4 e6 3. Nf3 d5 4. Nc3 Be7 5. Bg5 h6 6. Bh4 O-O 7. e3 b6 8. Bxf6
Bxf6 9. Qb3 dxc4 10. Bxc4 Bb7 11. O-O Bxf3 12. gxf3 Nd7 13. Rfd1 Qe7 14. Bb5 Bh4
15. f4 Rad8 16. Qa4 Nf6 17. h3 Nd5 18. Bc6 Kh8 19. Kf1 Nxc3 20. bxc3 a5 21. Ke2
Bf6 22. Rab1 g6 23. c4 Bg7 24. Rb5 Rd6 25. Bf3 Rfd8 26. c5 bxc5 27. Rxc5 Rb6 28.
Rdc1 Rb2+ 29. R1c2 Rb1 30. Qxa5 Qh4 31. Rxc7 Qxh3 32. Rc1 Rxc1 33. Rxc1 Rb8 34.
Qc3 Qh4 35. a4 Qd8 36. a5 Qd6 37. Kf1 Bf6 38. Kg2 Bd8 39. Ra1 Qa6 40. Qc6 Qa7
41. a6 Kg7 42. Qd6 Bc7 43. Qc6 Rb6 44. Qc5 Bb8 45. Be2 Qa8+ 46. Kg1 Ba7 47. Qe5+
Kg8 48. Rc1 Rc6 49. Rb1 Rb6 50. Rd1 Rb2 51. Re1 Qc8 52. d5 Rd2 53. dxe6 Qxe6 54.
Qxe6 fxe6 55. Bc4 Rc2 56. Bxe6+ Kg7 57. Rd1 Kf6 58. Bb3 Rb2 59. Rd6+ Ke7 60.
Rxg6 Bc5 61. Bd5 Rb1+ 62. Kg2 Ra1 63. Rxh6 Ra3 64. f5 Rd3 65. Bc4 Rd6 66. a7
Bxa7 67. Rh7+ Kf6 68. Rxa7 Kxf5 69. Ra5+ Ke4 70. Be2 Rg6+ 71. Kf1 Rh6 72. Bg4
Kd3 73. Bf5+ Kd2 74. e4 Kc3 75. e5 Kd4 76. e6 Rh8 77. e7 Re8 78. Ra7 Ke5 79. Bg6 1-0

[Event "SportAccord Basque w 2014"]
[Site "Beijing CHN"]
[Date "2014.12.17"]
[Round "5.14"]
[White "Cramling, Pia"]
[Black "Paehtz, Elisabeth"]
[Result "1-0"]
[WhiteTitle "GM"]
[BlackTitle "IM"]
[WhiteElo "2518"]
[BlackElo "2485"]
[WhiteFideId "1700030"]
[BlackFideId "4641833"]
[EventDate "2014.12.16"]

1. d4 d5 2. Nf3 Nf6 3. c4 c6 4. Nc3 dxc4 5. a4 Na6 6. e4 Bg4 7. Bxc4 Bxf3 8.
gxf3 e6 9. Be3 Qa5 10. O-O Bb4 11. Qb3 O-O 12. Rfd1 Rab8 13. Bf4 Nc7 14. Bxc7
Qxc7 15. Qxb4 Qf4 16. Be2 Nh5 17. Qc5 f5 18. Qe5 Qh4 19. Bf1 Rbe8 20. Ne2 Rf6
21. f4 fxe4 22. Ra3 Nxf4 23. Nxf4 Rxf4 24. Rg3 Re7 25. Bh3 Rf6 26. Re1 Qf4 27.
Qxf4 Rxf4 28. Rg4 Rf3 29. Re3 Ref7 30. Rgxe4 R7f6 31. Bxe6+ Kf8 32. Ba2 g5 33.
Re8+ Kg7 34. R8e7+ Kh6 35. Rxf3 Rxf3 36. Rxb7 Rd3 37. Rc7 Rxd4 38. Rxc6+ Kh5 39.
Bc4 Kg4 40. Kg2 h5 41. b3 Rd2 42. h3+ Kh4 43. Rc7 a5 44. Rh7 g4 45. hxg4 Kxg4
46. Rg7+ Kh4 47. Ra7 Rd4 48. Rxa5 Rg4+ 49. Kf1 Rg7 50. Be2 Rh7 51. Rxh5+ Rxh5
52. Bxh5 Kxh5 53. a5 Kg5 54. a6 Kf5 55. a7 Ke5 56. a8=Q Kf5 57. Qe8 Kf6 58. Ke2
Kf5 59. Ke3 Kf6 60. Kf4 Kg7 61. Qc6 Kf7 62. Kf5 Kg7 63. Qf6+ Kh7 64. Qe7+ Kh8 1-0

[Event "SportAccord Basque w 2014"]
[Site "Beijing CHN"]
[Date "2014.12.17"]
[Round "5.15"]
[White "Khotenashvili, Bela"]
[Black "Muzychuk, Mariya"]
[Result "0-1"]
[WhiteTitle "GM"]
[BlackTitle "IM"]
[WhiteElo "2504"]
[BlackElo "2529"]
[WhiteFideId "13602640"]
[BlackFideId "14114550"]
[EventDate "2014.12.16"]

1. d4 d5 2. Nf3 Nf6 3. g3 g6 4. Bg2 Bg7 5. O-O O-O 6. c4 dxc4 7. a4 c5 8. Na3
Nc6 9. dxc5 c3 10. Nb5 Ne4 11. bxc3 a6 12. Qxd8 Rxd8 13. Nc7 Rb8 14. Bf4 Nxc3
15. Rae1 e5 16. Be3 Bg4 17. h3 Bxf3 18. Bxf3 e4 19. Bg2 Be5 20. Nb5 axb5 21.
axb5 Nd4 22. b6 Nc2 23. Rb1 Nxe3 24. fxe3 Nxb1 25. Rxb1 f5 26. g4 Rd5 27. gxf5
gxf5 28. Rf1 Rxc5 29. h4 Kg7 30. Bh3 Rf8 31. Kg2 Rc3 32. Kf2 f4 33. Rg1+ Kh8 34.
Rg5 fxe3+ 0-1

[Event "SportAccord Basque w 2014"]
[Site "Beijing CHN"]
[Date "2014.12.17"]
[Round "5.16"]
[White "Muzychuk, Mariya"]
[Black "Khotenashvili, Bela"]
[Result "0-1"]
[WhiteTitle "IM"]
[BlackTitle "GM"]
[WhiteElo "2529"]
[BlackElo "2504"]
[WhiteFideId "14114550"]
[BlackFideId "13602640"]
[EventDate "2014.12.16"]

1. e4 e5 2. Nf3 Nc6 3. c3 d5 4. Qa4 Qd6 5. exd5 Qxd5 6. Bc4 Qe4+ 7. Kd1 Qg4 8.
Bb5 Ne7 9. Re1 f6 10. Qxg4 Bxg4 11. d3 O-O-O 12. Kc2 a6 13. Bxc6 Nxc6 14. Nbd2
h6 15. h3 Bf5 16. Ne4 Bh7 17. g4 f5 18. gxf5 Bxf5 19. h4 Be7 20. Rg1 g6 21. Be3
Rh7 22. Rg3 Bf8 23. Rd1 b6 24. Rd2 Rhd7 25. Ne1 Bg7 26. f3 Ne7 27. Ng2 Nd5 28.
Bf2 Nf6 29. Nxf6 Bxf6 30. f4 e4 31. Ne3 exd3+ 32. Kc1 Be4 33. Rg1 Re8 34. Ng4
Bg7 35. Re1 Ree7 36. Bg3 Bf5 37. Rxe7 Rxe7 38. Ne5 Bxe5 39. fxe5 g5 40. Rf2 gxh4
41. Bxh4 Rxe5 42. Bf6 Rd5 43. c4 Rc5 44. Kd2 Be4 45. b3 Rh5 46. Bc3 Rg5 47. Ke3
Bg6 48. Rf8+ Kb7 49. Rg8 Rg2 50. Rg7 b5 51. Ba5 bxc4 52. bxc4 h5 53. Rxc7+ Kb8
54. Rg7 h4 55. c5 Re2+ 56. Kf4 Be8 57. Rg8 Kb7 58. Rh8 Kc6 59. Rxh4 Kxc5 60. a3
d2 61. Rh1 Kc4 62. Kf3 Kd3 63. Rd1 Bc6+ 64. Kf4 Ba4 65. Rxd2+ Rxd2 66. Bxd2 Kxd2
67. Ke4 Kc3 68. Ke3 Kb3 0-1